| 000 | 00494nam a2200181Ia 4500 | ||
|---|---|---|---|
| 008 | 230917s9999||||xx |||||||||||||| ||und|| | ||
| 020 | _cRS909 | ||
| 040 |
_e236754 _aMAIN |
||
| 041 | _aEnglish | ||
| 082 | _a670.42 G899P(5) | ||
| 100 | _aGroover, Mikell P | ||
| 245 | 0 | _aPrinciples of modern manufacturing | |
| 250 | _a5th ed. | ||
| 260 |
_aNew Delhi _bWiley India _c2016 |
||
| 300 | _axv, 1003 p. | ||
| 500 | _a2519 22/12/2016 HBD17/6757 28/12/2016 Main Budget Periodicals | ||
| 942 | _cBK | ||
| 999 |
_c20389 _d20389 |
||